书目信息 |
| 题名: |
高等激光物理学
|
|
| 作者: | 李福利 编著 | |
| 分册: | ||
| 出版信息: | 合肥 中国科学技术大学出版社 1992.08 |
|
| 页数: | 550页 | |
| 开本: | 32开 | |
| 丛书名: | ||
| 单 册: | ||
| 中图分类: | O432 | |
| 科图分类: | ||
| 主题词: | 光学 | |
| 电子资源: | ||
| ISBN: | 7-312-00312-5 | |
| 000 | 00546nam0 2200193 45 | |
| 001 | 0008081739 | |
| 005 | 20000808173029.0 | |
| 010 | @a7-312-00312-5@d12.00元 | |
| 100 | @a20000808d1992 km y0chiy0120 ea | |
| 101 | 0 | @achi |
| 105 | @a z 000yy | |
| 200 | 1 | @a高等激光物理学@AGao Deng Ji Guang Wu Li Xue@f李福利编著@FLi Fu Li Bian Zhu |
| 210 | @a合肥@c中国科学技术大学出版社@d1992.08 | |
| 215 | @a550页@d32开 | |
| 606 | 0 | @a光学 |
| 690 | @aO432@v3 | |
| 701 | 0 | @a李福利@4编著 |
| 801 | @aCN@bPftUser@c20000808 | |
| 905 | @b93737-741@dO432@eL448@f5 | |
| 高等激光物理学/李福利编著.-合肥:中国科学技术大学出版社,1992.08 |
| 550页;32开 |
| ISBN 7-312-00312-5:12.00元 |
| ● |
| 相关链接 |
|
|
|
正题名:高等激光物理学
索取号:O432/L448
 
预约/预借
| 序号 | 登录号 | 条形码 | 馆藏地/架位号 | 状态 | 备注 |
| 1 | 93737 | 200937371 | 自科库401/401自科库 58排1列4层/ [索取号:O432/L448] | 在馆 | |
| 2 | 93738 | 200937380 | 自科库401/401自科库 58排1列4层/ [索取号:O432/L448] | 在馆 | |
| 3 | 93739 | 200937399 | 自科库401/401自科库 58排1列4层/ [索取号:O432/L448] | 在馆 | |
| 4 | 93740 | 200937406 | 自科库401/401自科库 58排1列4层/ [索取号:O432/L448] | 在馆 | |
| 5 | 93741 | 200937415 | 自科库401/401自科库 58排1列4层/ [索取号:O432/L448] | 在馆 |